| 000 | 00536nam a2200181 i 4500 | ||
|---|---|---|---|
| 001 | 76528 | ||
| 003 | ES-MaACL | ||
| 005 | 20230906172854.0 | ||
| 007 | t| | ||
| 008 | 041004s1973 sp ||||1| spa d | ||
| 100 | 1 |
_aGuiraum Martín, Alfonso. _960894 |
|
| 245 | 1 | 0 |
_aMatemáticas Generales / _cAlfonso Guiraum Martín, José González Martín. |
| 260 |
_aGranada : _b[s.n., _c1973] |
||
| 300 |
_av. : _bil. ; _c22 cm. |
||
| 500 | _aEs el t. 2º. | ||
| 700 | 1 |
_aGonzález Martín, José. _958792 |
|
| 852 |
_aES-MaACL _jP-1781 _bR.85448 |
||
| 999 |
_c76528 _d76528 |
||